| 000 | 00320 a2200121 4500 | ||
|---|---|---|---|
| 082 |
_a330.95493 _bECO |
||
| 245 | _aEconomic Survey 2000-2001 | ||
| 260 |
_aIslamabad _bFinance Division _c2001 |
||
| 300 | _a189p. | ||
| 500 | _aPapercover | ||
| 710 |
_aGovernment of Pakistan _9122225 |
||
| 942 |
_aNBS _cBK _k330.95491 GOV _2ddc |
||
| 999 |
_c346846 _d346846 |
||